Understanding children /
Understanding children. Developing positive relationships. Understanding children's behaviour. Responding with guidance techniques. An environment for effective guidance. Making it work for you.
Đã lưu trong:
| Tác giả chính: | |
|---|---|
| Định dạng: | Sách |
| Ngôn ngữ: | English |
| Được phát hành: |
Camberwell, Vic. :
Australian Council for Educational Research,
1996.
|
| Phiên bản: | 2nd ed. |
| Những chủ đề: | |
| Các nhãn: |
Thêm thẻ
Không có thẻ, Là người đầu tiên thẻ bản ghi này!
|
| Thư viện lưu trữ: | Mạng thư viện Đại học Đà Nẵng |
|---|
| LEADER | 01141cam a2200373 i 4500 | ||
|---|---|---|---|
| 001 | 000049081 | ||
| 003 | 8810 | ||
| 005 | 20030313121247.0 | ||
| 008 | 010323|1996 vm 000 eng | ||
| 020 | |a 0864311567 | ||
| 040 | |a IRC |c IRC |d IRC | ||
| 041 | 0 | |a eng | |
| 082 | 1 | 4 | |a 305.231 |b HA-J |
| 100 | 1 | |a Harrison, Jeanette. | |
| 245 | 0 | 0 | |a Understanding children / |c Jeanette Harrison. |
| 250 | |a 2nd ed. | ||
| 260 | |a Camberwell, Vic. : |b Australian Council for Educational Research, |c 1996. | ||
| 300 | |a 188 p. : |b ill. ; |c 24.5cm. | ||
| 520 | 3 | |a Understanding children. Developing positive relationships. Understanding children's behaviour. Responding with guidance techniques. An environment for effective guidance. Making it work for you. | |
| 630 | 0 | 4 | |a Psychology. |
| 630 | 0 | 4 | |a Child care. |
| 650 | 0 | 4 | |a Child care. |
| 650 | 0 | 4 | |a Children and adults. |
| 650 | 0 | 4 | |a Child psychology. |
| OWN | |a DUT | ||
| 999 | |a From the UDN01 | ||
| TYP | |a Monograph | ||
| TYP | |a Printed language | ||
| 980 | |a Mạng thư viện Đại học Đà Nẵng | ||


